| 000 | 00858nam a2200301 a 4500 | ||
|---|---|---|---|
| 999 |
_c1909 _d1909 |
||
| 001 | 1909 | ||
| 003 | BD-JhCC | ||
| 005 | 20220207134017.0 | ||
| 008 | 991222s2000 maua a 001 0 eng | ||
| 020 | _a1578513286 | ||
| 035 | _a(BD-JhCC)1909 | ||
| 040 |
_aDLC _cDLC _dDLC |
||
| 041 | _aeng | ||
| 050 | 0 | 0 |
_aHD4904 _b.H345 2000 |
| 082 | 0 | 0 |
_a306.3/6 _221 _bHAR 2000 |
| 245 | 0 | 0 | _aHarvard Business Review on work and life balance / |
| 246 | 3 | _aWork and life balance | |
| 260 |
_aBoston, Mass. : _bHarvard Business School Press, _cc2000. |
||
| 300 |
_av, 232 p. : _bill. ; _c21 cm. |
||
| 440 | 4 | _aThe Harvard business review paperback series | |
| 500 | _aIncludes index. | ||
| 650 | 0 |
_aWork _xSocial aspects. |
|
| 650 | 0 | _aQuality of life. | |
| 650 | 0 | _aWork and family. | |
| 650 | 0 | _aBurn out (Psychology) | |
| 942 |
_2ddc _cBK _01 |
||